Ateneo (Record no. 123832)
[ view plain ]
| 000 -LEADER | |
|---|---|
| campo de control de longitud fija | 00969nas a2200265 i 4500 |
| 001 - NÚMERO DE CONTROL | |
| campo de control | 123832 |
| 003 - IDENTIFICADOR DE NÚMERO DE CONTROL | |
| campo de control | SpMaBN |
| 005 - FECHA Y HORA DE LA ÚLTIMA TRANSACCIÓN | |
| campo de control | 20250724062612.0 |
| 008 - DATOS DE LONGITUD FIJA--INFORMACIÓN GENERAL | |
| campo de control de longitud fija | 202003c1999 sp q| p | b||pa d |
| 080 ## - NÚMERO DE LA CLASIFICACIÓN DECIMAL UNIVERSAL | |
| Número de la Clasificación Decimal Universal | 061.236(460.313 V.) |
| 080 ## - NÚMERO DE LA CLASIFICACIÓN DECIMAL UNIVERSAL | |
| Número de la Clasificación Decimal Universal | 008 |
| 245 00 - MENCIÓN DEL TÍTULO | |
| Título | Ateneo |
| Resto del título | : revista del Ateneo Mercantil de Valencia. |
| 260 ## - PUBLICACIÓN, DISTRIBUCIÓN, ETC. | |
| Lugar de publicación, distribución, etc. | Valencia : |
| Nombre del editor, distribuidor, etc. | Ateneo Mercantil, |
| Fecha de publicación, distribución, etc. | [1999- |
| 300 ## - DESCRIPCIÓN FÍSICA | |
| Extensión | v. : |
| Otras características físicas | il. col. ; |
| Dimensiones | 30 cm. |
| 362 0# - FECHAS DE PUBLICACIÓN Y/O DESIGNACIÓN SECUENCIAL | |
| Fecha de publicación y/o designación secuencial | Año 1, 1 (sept. 1999)- |
| 500 ## - NOTA GENERAL | |
| Nota general | Tít. tomado de cub. |
| 530 ## - NOTA DISPONIBLE DE FORMULARIO FÍSICO ADICIONAL | |
| Nota de formato físico adicional disponible | Últimos números disponibles en formato digital. |
| 580 ## - NOTA DE RELACIÓN COMPLEJA | |
| Nota de relación compleja | Con anterioridad el Ateneo publicó otras revistas que la entidad considera sus antecesoras. |
| 610 24 - PUNTO DE ACCESO ADICIONAL DE MATERIA--NOMBRE DE ENTIDAD CORPORATIVA | |
| Nombre de entidad corporativa o nombre de jurisdicción como elemento de entrada | Ateneo Mercantil (Valencia) |
| 9 (RLIN) | 2050 |
| 650 #7 - PUNTO DE ACCESO ADICIONAL DE MATERIA--TÉRMINO DE MATERIA | |
| Término de materia o nombre geográfico como elemento de entrada | Cultura |
| Fuente del encabezamiento o término | embne |
| 9 (RLIN) | 170963 |
| 710 2# - ENTRADA AGREGADA--NOMBRE DE ENTIDAD CORPORATIVA | |
| Nombre de entidad corporativa o nombre de jurisdicción como elemento de entrada | Ateneo Mercantil (Valencia) |
| 9 (RLIN) | 2050 |
| 852 ## - LOCALIZACIÓN | |
| Ubicación | ES-MaACL |
| Número de control de estantería | Sin signatura |
| 856 ## - LOCALIZACIÓN Y ACCESO ELECTRÓNICOS | |
| Identificador Uniforme de Recursos | <a href="https://www.ateneovalencia.es/comunicacion/revista-ateneo/ ">https://www.ateneovalencia.es/comunicacion/revista-ateneo/ </a> |
| Nota pública | Ateneo Mercantil de Valencia |
| Estatus retirado | Estado de pérdida | Estado de daño | No para préstamo | Colección | Biblioteca de origen | Biblioteca actual | Ubicación en estantería | Fecha de adquisición | Fuente de adquisición | Total de préstamos | Signatura topográfica completa | Código de barras | Visto por última vez | Precio de reemplazo | Tipo de ítem Koha |
|---|---|---|---|---|---|---|---|---|---|---|---|---|---|---|---|
| Colección digital | Biblioteca del Ateneo de Madrid | Biblioteca del Ateneo de Madrid | Hemeroteca | 24/05/2005 | Sin signatura | 1201671 | 23/02/2023 | 23/02/2023 | Revista |
